Sports Quiz

Random Sports or Baseball Quiz

Rockies Pitchers Since 2001 Quiz Stats

 Plays Quiz not verified by Sporcle

Challenge
Share
Tweet
Embed
Score 0/179 Timer 15:00
0 Plays Today
Position Player % Correct
SPJeff Francis
100%
SPAaron Cook
91.3%
SPUbaldo Jimenez
91.3%
RPJose Jimenez
91.3%
SPJason Jennings
87%
SPJorge De La Rosa
87%
SPJhoulys Chacin
82.6%
RPRafael Betancourt
82.6%
RPBrian Fuentes
78.3%
SPMike Hampton
73.9%
SPDenny Neagle
73.9%
RPHuston Street
73.9%
SPAlex White
73.9%
RPGabe White
73.9%
RPRick White
73.9%
SPGreg Smith
73.9%
RPTodd Jones
69.6%
SPShawn Chacon
65.2%
SPLivan Hernandez
65.2%
SPChad Bettis
63.6%
RPManuel Corpas
60.9%
RPMatt Belisle
60.9%
RPJavier Lopez
60.9%
SPRodrigo Lopez
60.9%
RPAquilino Lopez
60.9%
SPJosh Fogg
56.5%
SPJason Marquis
56.5%
SPPedro Astacio
56.5%
RPMatt Anderson
56.5%
SPAlan Johnson
56.5%
RPWilton Lopez
54.5%
RPSteve Reed
52.2%
SPDrew Pomeranz
52.2%
SPJeremy Guthrie
52.2%
RPRamon Ramirez
52.2%
RPKane Davis
52.2%
SPJamie Moyer
52.2%
RPRandy Williams
52.2%
RPEdgar Gonzalez
52.2%
RPFranklin Morales
47.8%
RPMatt Reynolds
47.8%
RPRex Brothers
47.8%
SPGreg Reynolds
47.8%
RPTom Martin
47.8%
RPLaTroy Hawkins
47.8%
SPJonathan Sanchez
47.8%
RPJesus Sanchez
47.8%
SPJason Hirsh
43.5%
SPTyler Chatwood
43.5%
SPJason Young
43.5%
RPKip Wells
43.5%
RPJim Miller
43.5%
RPMatt Miller
43.5%
SPByung-Hyun Kim
39.1%
SPChristian Friedrich
39.1%
RPAdam Ottavino
39.1%
RPSun-Woo Kim
39.1%
RPMike Myers
39.1%
RPRamon Ortiz
39.1%
SPJason Hammel
34.8%
Position Player % Correct
SPJamey Wright
34.8%
SPJohn Thomson
34.8%
SPJuan Nicasio
34.8%
SPJoe Kennedy
30.4%
RPJose Acevedo
30.4%
RPRay King
30.4%
RPJuan Acevedo
30.4%
SPDenny Stark
26.1%
RPJustin Speier
26.1%
SPDarren Oliver
26.1%
RPTaylor Buchholz
26.1%
RPJosh Roenicke
26.1%
RPRyan Speier
26.1%
RPMatt Lindstrom
26.1%
RPRon Villone
26.1%
RPWill Harris
26.1%
SPEdwar Cabrera
26.1%
RPGlendon Rusch
21.7%
RPJose Mesa
21.7%
RPChin-hui Tsao
21.7%
RPJoe Beimel
21.7%
SPKevin Millwood
21.7%
RPJorge Julio
21.7%
RPDennys Reyes
21.7%
RPMike DeJean
21.7%
RPJuan Rincon
21.7%
RPJ.C. Romero
21.7%
SPJon Garland
18.2%
SPRoy Oswalt
18.2%
SPShawn Estes
17.4%
RPEsmil Rogers
17.4%
RPMatt Herges
17.4%
SPBrian Bohanon
17.4%
RPClayton Mortensen
17.4%
RPJosh Outman
17.4%
RPJay Powell
17.4%
RPMike James
17.4%
RPManny Delcarmen
17.4%
SPValerio De Los Santos
17.4%
RPOctavio Dotel
17.4%
SPScott Elarton
13%
RPJeff Fassero
13%
RPJeremy Affeldt
13%
RPJason Grilli
13%
RPMatt Daley
13%
RPTim Harikkala
13%
RPAdam Bernero
13%
SPMark Redman
13%
RPEdgmer Escalona
13%
RPNelson Cruz
13%
RPCarlos Torres
13%
RPGuillermo Moscoso
13%
RPKent Mercker
13%
SPZach Day
13%
RPAlan Embree
13%
SPElmer Dessens
13%
RPJose Contreras
13%
RPKevin Jarvis
13%
RPJeff Manship
9.1%
RPMitchell Boggs
9.1%
Position Player % Correct
RPRandy Flores
8.7%
RPLuis Vizcaino
8.7%
RPAllan Simpson
8.7%
RPJohn Wasdin
8.7%
RPTurk Wendell
8.7%
RPDenny Bautista
8.7%
RPFelipe Paulino
8.7%
RPRob Scahill
8.7%
RPAdam Eaton
8.7%
RPBobby Chouinard
8.7%
RPMike Venafro
8.7%
RPDarren Clarke
8.7%
RPScott Dohmann
4.3%
RPDavid Cortes
4.3%
RPMarcos Carvajal
4.3%
RPJay Witasick
4.3%
RPCory Vance
4.3%
RPVictor Santos
4.3%
RPJoel Peralta
4.3%
RPAlberto Arias
4.3%
RPJuan Morillo
4.3%
RPTravis Driskill
4.3%
RPMicah Bowie
4.3%
RPMiguel Asencio
4.3%
RPMac Suzuki
4.3%
RPHoracio Estrada
4.3%
RPBobby Keppel
4.3%
RPJose Capellan
4.3%
RPZach Putnam
4.3%
RPDan Miceli
0%
RPChris Nichting
0%
RPVladimir Nunez
0%
RPMike Ekstrom
0%
SPMike Esposito
0%
RPBlaine Neal
0%
RPZach McClellan
0%
RPMark Corey
0%
RPJustin Hampson
0%
RPEric Stults
0%
RPBobby Seay
0%
RPJosh Newman
0%
RPJoe Davenport
0%
RPSean Lowe
0%
RPSteven Register
0%
RPTodd Belitz
0%
RPNate Field
0%
RPChris Gissell
0%
RPCraig Dingman
0%
RPCedrick Bowers
0%
RPJoe Roa
0%
RPMarc Kroon
0%
RPSamuel Deduno
0%
RPVic Darensbourg
0%
RPBruce Billings
0%
RPTim Christman
0%
RPDan Serafini
0%
SPCollin McHugh
0%
RPLogan Kensing
0%
RPChris Volstad
0%

You're not logged in!

Compare scores with friends on all Sporcle quizzes.
OR
Log In

You Might Also Like...

Show Comments

Extras

Top Quizzes Today


Score Distribution

Your Account Isn't Verified!

In order to create a playlist on Sporcle, you need to verify the email address you used during registration. Go to your Sporcle Settings to finish the process.

Report this User

Report this user for behavior that violates our Community Guidelines.

Details: